<?xml version="1.0" encoding="UTF-8"?>
<record
    xmlns:xsi="http://www.w3.org/2001/XMLSchema-instance"
    xsi:schemaLocation="http://www.loc.gov/MARC21/slim http://www.loc.gov/standards/marcxml/schema/MARC21slim.xsd"
    xmlns="http://www.loc.gov/MARC21/slim">

  <leader>01616cam a22003251  4500</leader>
  <controlfield tag="001">he 68001993 </controlfield>
  <controlfield tag="003">DLC</controlfield>
  <controlfield tag="005">20260227111500.0</controlfield>
  <controlfield tag="008">911023m19611881is            000 0 heb  </controlfield>
  <datafield tag="010" ind1=" " ind2=" ">
    <subfield code="a">he 68001993 </subfield>
  </datafield>
  <datafield tag="035" ind1=" " ind2=" ">
    <subfield code="a">(OCoLC)24611878</subfield>
  </datafield>
  <datafield tag="040" ind1=" " ind2=" ">
    <subfield code="a">DLC</subfield>
    <subfield code="c">CU</subfield>
    <subfield code="d">CU</subfield>
    <subfield code="d">DLC</subfield>
  </datafield>
  <datafield tag="042" ind1=" " ind2=" ">
    <subfield code="a">premarc</subfield>
  </datafield>
  <datafield tag="050" ind1="0" ind2="0">
    <subfield code="a">BM520</subfield>
    <subfield code="b">.86A2 1961</subfield>
  </datafield>
  <datafield tag="100" ind1="0" ind2=" ">
    <subfield code="a">Jacob ben Asher,</subfield>
    <subfield code="d">approximately 1269-approximately 1340.</subfield>
  </datafield>
  <datafield tag="245" ind1="1" ind2="0">
    <subfield code="a">Arba&#x2BB;ah &#x1E6D;urim;</subfield>
    <subfield code="c">&#x1E25;ibro Ya&#x2BB;a&#x1E33;ov ben Asher. &#x2BB;Im perush &#x1E7F;e-&#x1E25;idushe Yosef &#x1E32;aro ... Bet Yosef ... &#x1E7F;e-&#x2BB;im perush &#x1E7F;e-&#x1E25;idushe Yo&#x2BC;el Sir&#x1E33;esh ... Bet &#x1E25;adash, &#x1E7F;e-&#x2BB;im Sefer Darkhe Mosheh, meha-ga&#x2BC;on Mosheh Iserlish, &#x1E7F;e-&#x2BB;im perush &#x1E7F;e-&#x1E25;idushe Yoshe&#x2BB;a &#x1E7E;al&#x1E33; Kats ... Derishah u-ferishah, &#x1E7F;e-&#x2BB;im &#x1E25;idushe Lev &#x1E24;anelesh .. &#x1E7F;e-gam nit&#x1E7F;asfu hagahot ...</subfield>
  </datafield>
  <datafield tag="260" ind1=" " ind2=" ">
    <subfield code="a">[Yerushalayim,</subfield>
    <subfield code="b">&#x1E32;iryah Ne&#x2BC;emanah,</subfield>
    <subfield code="c">1961/62-63/64]</subfield>
  </datafield>
  <datafield tag="300" ind1=" " ind2=" ">
    <subfield code="a">4 v. in 7.</subfield>
    <subfield code="c">29 cm.</subfield>
  </datafield>
  <datafield tag="500" ind1=" " ind2=" ">
    <subfield code="a">Vol. 3 numbered 4.</subfield>
  </datafield>
  <datafield tag="500" ind1=" " ind2=" ">
    <subfield code="a">Reduced photo-offset of Warsaw, 1881/82 ed.</subfield>
  </datafield>
  <datafield tag="500" ind1=" " ind2=" ">
    <subfield code="a">L. C. set incomplete: v. 4, part 2 wanting.</subfield>
  </datafield>
  <datafield tag="505" ind1="0" ind2=" ">
    <subfield code="a">&#x1E6C;ur 1. Ora&#x1E25; &#x1E25;ayim 2 v. -- &#x1E6C;ur 2. Yoreh de&#x2BB;ah 2 v. -- &#x1E6C;ur [3] Even ha-&#x2BB;ezer -- &#x1E6C;ur 4. &#x1E24;oshen ha-mishpa&#x1E6D; 2 v.</subfield>
  </datafield>
  <datafield tag="650" ind1=" " ind2="0">
    <subfield code="a">Jewish law.</subfield>
  </datafield>
  <datafield tag="700" ind1="1" ind2=" ">
    <subfield code="a">Hanneles, Judah Leib ben Meir,</subfield>
    <subfield code="d">-1596.</subfield>
  </datafield>
  <datafield tag="700" ind1="1" ind2=" ">
    <subfield code="a">Karo, Joseph ben Ephraim,</subfield>
    <subfield code="d">1488-1575.</subfield>
    <subfield code="t">Bet Yosef</subfield>
  </datafield>
  <datafield tag="700" ind1="1" ind2=" ">
    <subfield code="a">Sirkes, Joel,</subfield>
    <subfield code="d">1561-1640.</subfield>
    <subfield code="t">Bet &#x1E25;adash</subfield>
  </datafield>
  <datafield tag="700" ind1="1" ind2=" ">
    <subfield code="a">Isserles, Moses ben Israel,</subfield>
    <subfield code="d">approximately 1525-1572.</subfield>
    <subfield code="t">Darkhe Mosheh</subfield>
  </datafield>
  <datafield tag="700" ind1="1" ind2=" ">
    <subfield code="a">Falk, Joshua ben Alexander,</subfield>
    <subfield code="c">ha-Kohen,</subfield>
    <subfield code="d">approximately 1555-1614.</subfield>
    <subfield code="t">Derishah u-ferish</subfield>
  </datafield>
  <datafield tag="740" ind1="0" ind2=" ">
    <subfield code="a">&#x1E6C;ur.</subfield>
  </datafield>
  <datafield tag="999" ind1=" " ind2=" ">
    <subfield code="c">33469</subfield>
    <subfield code="d">33469</subfield>
  </datafield>
</record>
